000 00541nam a22001932 4500
001 0000023966
005 20151217152253.0
008 130423s xx 000 0 eng d
040 _aKABU
_cKABU
100 1 _aBoyd, William.
_@0000152234
245 1 0 _aPathology for the surgeon /
_cWilliam Boyd.
250 _a7th ed.
260 _aLondon :
_bW. B. Saunders,
_c1955.
300 _avi, 737 p.
650 0 _aPathology.
_@0000178277
852 1 _9p500 KES
908 _a130423
950 _@1
999 _c10087
_d10087